| 000 | 00681nam a2200181 a 4500 | ||
|---|---|---|---|
| 008 | 120416s1987 ||||||||||||||||| || u | ||
| 020 | _a0333434609 | ||
| 050 | _aHD 1387 But | ||
| 100 | _aButler, Diane | ||
| 245 | 1 | 0 | _aApplied valuation |
| 260 |
_aLondon _bMacmillan _c1987 |
||
| 300 | _aix, 139p. | ||
| 350 | _a0.00 | ||
| 650 | _aLAND | ||
| 650 | _aLAND VALUATION | ||
| 995 |
_aBINDERY (DAMAGED) _D0.00 _e712310 _FCBU-MAIN LIBRARY (Kitwe) _H1 _I8.75 _jHD 1387 But _M2 _UDAMAGED _y005754 _ZMain Library Open Access Collection |
||
| 995 |
_aMAIN LIBRARY OPEN ACCESS _D0.00 _e712311 _FCBU-MAIN LIBRARY (Kitwe) _H2 _I8.75 _jHD 1387 But _M1 _UAVAILABLE _y005753 _ZMain Library Open Access Collection |
||
| 999 |
_c84307 _d84307 |
||